| 000 | 00538nam a2200181Ia 4500 | ||
|---|---|---|---|
| 003 | GCL | ||
| 008 | 140319s9999 xx 000 0 ara d | ||
| 040 |
_aGCL / _cGCL |
||
| 082 | 0 | 4 |
_a150.195 _bح ت |
| 100 | 1 | _aحلمى مراد | |
| 245 | 1 | 0 |
_aالتحليل النفسى للاحلام والغرائز والامراض العصبية / _cحلمى مراد |
| 300 | _a232 ص | ||
| 490 |
_aكتابى _v0 |
||
| 650 | 0 | 4 | _aالاحلام |
| 650 | 0 | 4 | _aالنجاح |
| 650 | 0 | 4 | _aالعلاقات الاجتماعية |
| 942 |
_2ddc _cBK |
||
| 999 |
_c46282 _d46282 |
||